[Event "Menchik Memorial Challengers"]
[Site "London"]
[Date "2024.08.30"]
[Round "1.1"]
[White "Varney, Zoe"]
[Black "Jarocka, Liwia"]
[Result "0-1"]
[WhiteElo "2067"]
[BlackElo "2217"]
[PlyCount "122"]
[EventDate "2024.08.30"]
[EventType "tourn"]
[EventRounds "9"]
[EventCountry "ENG"]
[SourceTitle "BritBase"]
[Source "John Saunders"]
[SourceDate "2024.09.04"]
[SourceVersion "1"]
[SourceVersionDate "2024.09.04"]
[SourceQuality "1"]

1. e4 e5 2. Nf3 Nc6 3. Nc3 Nf6 4. d4 exd4 5. Nxd4 Nxe4 6. Nxe4 Qe7 7. f3 d5 8. Bb5 Bd7 9. O-O dxe4 10. Bxc6 bxc6 11. fxe4 g6 12. Qf3 Bg7 13. c3 c5 14. Nb3 Be5 15. Be3 c4 16. Bc5 Bd6 17. Bxd6 cxd6 18. e5 O-O 19. exd6 Qxd6 20. Nd4 Qb6 21. Rf2 Rac8 22. Raf1 Rc5 23. Qf6 Qb8 24. Qe7 Rh5 25. h3 Bxh3 26. Rxf7 Rxf7 27. Qxf7+ Kh8 28. Qf6+ Kg8 29. Qf7+ Kh8 30. Qf8+ Qxf8 31. Rxf8+ Kg7 32. Ra8 Rg5 33. Rxa7+ Kh6 34. g3 Rxg3+ 35. Kh2 Rd3 36. Rf7 Bc8 37. Rc7 Bf5 38. Nxf5+ gxf5 39. Rxc4 Rd2+ 40. Kg3 Rxb2 41. a4 Kg5 42. Rc8 Ra2 43. Rc4 Ra3 44. Kf3 h5 45. Kg3 Ra1 46. Rd4 Rg1+ 47. Kf2 Ra1 48. Kg3 Rc1 49. Rc4 h4+ 50. Kf3 Ra1 51. Rb4 Rg1 52. Kf2 Rd1 53. Rd4 Rc1 54. Rc4 Rc2+ 55. Kg1 f4 56. a5 Ra2 57. Rc5+ Kg4 58. Rd5 Ra1+ 59. Kf2 h3 60. Rd8 h2 61. Rg8+ Kf5 0-1

[Event "Menchik Memorial Challengers"]
[Site "London"]
[Date "2024.08.30"]
[Round "1.2"]
[White "Lach, Aleksandra"]
[Black "Van Foreest, Machteld"]
[Result "0-1"]
[WhiteElo "2278"]
[BlackElo "2243"]
[PlyCount "72"]
[EventDate "2024.08.30"]
[EventType "tourn"]
[EventRounds "9"]
[EventCountry "ENG"]
[SourceTitle "BritBase"]
[Source "John Saunders"]
[SourceDate "2024.09.04"]
[SourceVersion "1"]
[SourceVersionDate "2024.09.04"]
[SourceQuality "1"]

1. d4 d5 2. Nc3 Nf6 3. Bf4 e6 4. Nb5 Na6 5. e3 c6 6. Nc3 Qb6 7. Rb1 c5 8. Nf3 Be7 9. Ne5 O-O 10. g4 cxd4 11. exd4 Nb4 12. Be3 Nd7 13. Nxd7 Bxd7 14. a3 Nc6 15. Bg2 Bf6 16. Ne2 Na5 17. O-O Nc4 18. Nf4 Bb5 19. Nh5 Nxe3 20. Nxf6+ gxf6 21. fxe3 Bxf1 22. Qxf1 Qd8 23. Qf4 Rc8 24. c3 Kh8 25. e4 Rg8 26. Kh1 Rg6 27. exd5 exd5 28. Qf5 Rg5 29. Qf3 Qe7 30. h4 Rg6 31. Bh3 Rh6 32. h5 Re8 33. Qxd5 f5 34. Qxf5 Qh4 35. Qf3 Rf6 36. Qd3 Rfe6 0-1

[Event "Menchik Memorial Challengers"]
[Site "London"]
[Date "2024.08.30"]
[Round "1.3"]
[White "Mirzoeva, Elmira"]
[Black "Antolak, Julia"]
[Result "1/2-1/2"]
[WhiteElo "2282"]
[BlackElo "2307"]
[PlyCount "135"]
[EventDate "2024.08.30"]
[EventType "tourn"]
[EventRounds "9"]
[EventCountry "ENG"]
[SourceTitle "BritBase"]
[Source "John Saunders"]
[SourceDate "2024.09.04"]
[SourceVersion "1"]
[SourceVersionDate "2024.09.04"]
[SourceQuality "1"]

1. Nf3 c5 2. b3 Nf6 3. Bb2 g6 4. c4 Bg7 5. g3 d6 6. d4 cxd4 7. Nxd4 Nc6 8. Bg2 Bd7 9. Nc2 O-O 10. O-O Qa5 11. Nc3 Qh5 12. e4 Bg4 13. f3 Bh3 14. Qd2 Nd7 15. Rab1 f5 16. exf5 Bxg2 17. Kxg2 Qxf5 18. Ne3 Qf7 19. Ne4 h6 20. Ng4 Kh7 21. Bc1 g5 22. h4 Nde5 23. Nxe5 Nxe5 24. hxg5 Qg6 25. Qe2 h5 26. Bb2 Rf5 27. Bxe5 Rxe5 28. Rbe1 Kg8 29. f4 Ra5 30. Qd2 Rf5 31. Rh1 Raf8 32. Qe2 e5 33. fxe5 Rxe5 34. Qxh5 Qxh5 35. Rxh5 Rfe8 36. Rh4 R8e6 37. Kf3 Rxg5 38. Rd1 Rgg6 39. Rd5 Be5 40. Rh5 b6 41. b4 Re7 42. c5 bxc5 43. bxc5 Rf7+ 44. Ke2 Bxg3 45. Rhg5 Rfg7 46. Rxg6 Rxg6 47. Nxg3 dxc5 48. Rd3 Ra6 49. a3 Kf7 50. Ne4 Ra5 51. Rc3 Ke6 52. Nxc5+ Kd5 53. Nd3 Kd4 54. Kd2 Rh5 55. Rb3 Rh2+ 56. Kc1 Kc4 57. Rb2 Rh1+ 58. Kc2 Rh2+ 59. Kb1 Rxb2+ 60. Nxb2+ Kb3 61. a4 a5 62. Kc1 Kc3 63. Kb1 Kb3 64. Ka1 Ka3 65. Kb1 Kb3 66. Kc1 Kc3 67. Nd1+ Kb3 68. Nb2 1/2-1/2

[Event "Menchik Memorial Challengers"]
[Site "London"]
[Date "2024.08.30"]
[Round "1.4"]
[White "Navrotescu, Andreea"]
[Black "Rida, Ruqayyah"]
[Result "1-0"]
[WhiteElo "2271"]
[BlackElo "2110"]
[PlyCount "61"]
[EventDate "2024.08.30"]
[EventType "tourn"]
[EventRounds "9"]
[EventCountry "ENG"]
[SourceTitle "BritBase"]
[Source "John Saunders"]
[SourceDate "2024.09.04"]
[SourceVersion "1"]
[SourceVersionDate "2024.09.04"]
[SourceQuality "1"]

1. Nf3 Nf6 2. g3 g6 3. Bg2 Bg7 4. d4 c5 5. c3 d5 6. dxc5 Nc6 7. O-O O-O 8. b4 Ne4 9. Qb3 e5 10. Nfd2 Nxd2 11. Nxd2 Be6 12. a4 e4 13. Ba3 Re8 14. Rad1 Qg5 15. Qc2 Rad8 16. Nb3 Bf5 17. Nd4 Nxd4 18. cxd4 e3 19. Qa2 exf2+ 20. Rxf2 Qe3 21. Bc1 Qe6 22. Bg5 Rd7 23. b5 Be4 24. Bf3 h6 25. Bf4 f5 26. h4 Bf8 27. Qd2 Rh7 28. Rc1 Rc8 29. Be5 Be7 30. Bxe4 dxe4 31. Bf4 1-0

[Event "Menchik Memorial Challengers"]
[Site "London"]
[Date "2024.08.30"]
[Round "1.5"]
[White "Subramanian, Anusha"]
[Black "Hryshchenko, Kamila"]
[Result "1/2-1/2"]
[WhiteElo "2033"]
[BlackElo "2181"]
[PlyCount "148"]
[EventDate "2024.08.30"]
[EventType "tourn"]
[EventRounds "9"]
[EventCountry "ENG"]
[SourceTitle "BritBase"]
[Source "John Saunders"]
[SourceDate "2024.09.04"]
[SourceVersion "1"]
[SourceVersionDate "2024.09.04"]
[SourceQuality "1"]

1. d4 d6 2. c4 e5 3. Nc3 c6 4. dxe5 dxe5 5. Qc2 Be6 6. Nf3 Qc7 7. e4 Nf6 8. h3 h6 9. Be3 a5 10. a3 Na6 11. Na4 Nd7 12. c5 Be7 13. Qc3 O-O 14. Bd3 f5 15. exf5 Bd5 16. Nd2 Bxg2 17. Rg1 Bd5 18. Bxh6 Rf7 19. Be3 e4 20. Nxe4 Re8 21. O-O-O Bxe4 22. Bxe4 Naxc5 23. Nxc5 Bxc5 24. Bc2 Bxe3+ 25. fxe3 Nf6 26. Bb3 Nd5 27. Rxd5 cxd5 28. Bxd5 Kf8 29. Bxf7 Qxf7 30. Qc5+ Kg8 31. Kb1 b6 32. Qxb6 Qxf5+ 33. Ka1 Qe5 34. Qd4 Qxd4 35. exd4 Re3 36. h4 Re4 37. h5 Kf7 38. Rg5 a4 39. d5 Rd4 40. Kb1 Kf6 41. Rg6+ Kf7 42. d6 Rh4 43. Rg5 Rd4 44. Ra5 Ke6 45. Ra7 Rg4 46. d7 Ke7 47. Kc2 Kd8 48. Kd3 Rh4 49. Ra5 Kxd7 50. Ra7+ Kc6 51. Rxg7 Rxh5 52. Kc4 Rh4+ 53. Kc3 Rh3+ 54. Kb4 Rb3+ 55. Kxa4 Rxb2 56. Ka5 Rb5+ 57. Ka6 Rb6+ 58. Ka7 Rb5 59. Rg6+ Kc7 60. Ka6 Rb8 61. a4 Ra8+ 62. Kb5 Rb8+ 63. Kc5 Rh8 64. Rg5 Kb7 65. Kb5 Ka7 66. Ka5 Kb7 67. Rg7+ Kb8 68. Kb6 Rh6+ 69. Kc5 Rh5+ 70. Kd6 Rh6+ 71. Kd7 Kb7 72. a5 Rh5 73. Kd6+ Ka6 74. Kc6 Kxa5 1/2-1/2

[Event "Menchik Memorial Challengers"]
[Site "London"]
[Date "2024.08.30"]
[Round "2.1"]
[White "Jarocka, Liwia"]
[Black "Hryshchenko, Kamila"]
[Result "1-0"]
[WhiteElo "2217"]
[BlackElo "2181"]
[PlyCount "59"]
[EventDate "2024.08.30"]
[EventType "tourn"]
[EventRounds "9"]
[EventCountry "ENG"]
[SourceTitle "BritBase"]
[Source "John Saunders"]
[SourceDate "2024.09.04"]
[SourceVersion "1"]
[SourceVersionDate "2024.09.04"]
[SourceQuality "1"]

1. e4 b6 2. d4 Bb7 3. Bd3 Nf6 4. Nd2 e6 5. Ngf3 c5 6. c3 Be7 7. O-O Nc6 8. a3 Na5 9. b4 c4 10. Bc2 Nb3 11. Bxb3 cxb3 12. e5 Ne4 13. Qxb3 b5 14. c4 bxc4 15. Nxc4 f5 16. exf6 gxf6 17. Ne3 Qb6 18. d5 Rg8 19. Qd3 f5 20. Ne5 Nf6 21. N5c4 Qa6 22. b5 Qa4 23. dxe6 f4 24. exd7+ Kd8 25. Nd6 Bf3 26. Nf7+ Kc7 27. Ne5 Be4 28. Qc3+ Kd8 29. Bd2 fxe3 30. Qa5+ 1-0

[Event "Menchik Memorial Challengers"]
[Site "London"]
[Date "2024.08.30"]
[Round "2.2"]
[White "Rida, Ruqayyah"]
[Black "Subramanian, Anusha"]
[Result "0-1"]
[WhiteElo "2110"]
[BlackElo "2033"]
[PlyCount "56"]
[EventDate "2024.08.30"]
[EventType "tourn"]
[EventRounds "9"]
[EventCountry "ENG"]
[SourceTitle "BritBase"]
[Source "John Saunders"]
[SourceDate "2024.09.04"]
[SourceVersion "1"]
[SourceVersionDate "2024.09.04"]
[SourceQuality "1"]

1. e4 e5 2. Nf3 Nf6 3. Nxe5 d6 4. Nf3 Nxe4 5. d4 d5 6. Bd3 Bd6 7. O-O O-O 8. c4 c6 9. Qc2 Na6 10. a3 Bg4 11. Bxe4 dxe4 12. Qxe4 Bxf3 13. gxf3 f5 14. Qe3 Rf6 15. f4 Rg6+ 16. Kh1 Qh4 17. f3 Nc7 18. Nc3 Re8 19. Qd2 Bxf4 20. Qc2 Bd6 21. b4 Re1 22. Bb2 Rxa1 23. Bxa1 Qh3 24. Rf2 Bxh2 25. Rg2 Bf4+ 26. Kg1 Be3+ 27. Kf1 Qh1+ 28. Ke2 Rxg2+ 0-1

[Event "Menchik Memorial Challengers"]
[Site "London"]
[Date "2024.08.30"]
[Round "2.3"]
[White "Antolak, Julia"]
[Black "Navrotescu, Andreea"]
[Result "0-1"]
[WhiteElo "2307"]
[BlackElo "2271"]
[PlyCount "68"]
[EventDate "2024.08.30"]
[EventType "tourn"]
[EventRounds "9"]
[EventCountry "ENG"]
[SourceTitle "BritBase"]
[Source "John Saunders"]
[SourceDate "2024.09.04"]
[SourceVersion "1"]
[SourceVersionDate "2024.09.04"]
[SourceQuality "1"]

1. e4 e5 2. Nf3 Nc6 3. Bb5 Nge7 4. Nc3 Ng6 5. d4 Nxd4 6. Nxd4 exd4 7. Qxd4 c6 8. Be2 Qb6 9. Qd3 Be7 10. O-O O-O 11. Be3 Qxb2 12. f4 Qa3 13. Rab1 Re8 14. e5 d5 15. Kh1 Qa5 16. Bh5 b6 17. e6 fxe6 18. Bxg6 hxg6 19. Qxg6 Rf8 20. Bd4 Rf7 21. f5 e5 22. Qxc6 exd4 23. Nxd5 Bf8 24. Qxa8 Bb7 25. Qd8 Qxd5 26. Qxd5 Bxd5 27. Rbd1 Bc5 28. c3 Bc4 29. cxd4 Bxf1 30. dxc5 Rxf5 31. cxb6 axb6 32. g4 Rf4 33. g5 Kh7 34. Rd6 Bh3 0-1

[Event "Menchik Memorial Challengers"]
[Site "London"]
[Date "2024.08.30"]
[Round "2.4"]
[White "Van Foreest, Machteld"]
[Black "Mirzoeva, Elmira"]
[Result "1-0"]
[WhiteElo "2243"]
[BlackElo "2282"]
[PlyCount "121"]
[EventDate "2024.08.30"]
[EventType "tourn"]
[EventRounds "9"]
[EventCountry "ENG"]
[SourceTitle "BritBase"]
[Source "John Saunders"]
[SourceDate "2024.09.04"]
[SourceVersion "1"]
[SourceVersionDate "2024.09.04"]
[SourceQuality "1"]

1. e4 c6 2. Nc3 d5 3. Nf3 Bg4 4. h3 Bxf3 5. Qxf3 e6 6. Be2 Nf6 7. d3 Bc5 8. Qg3 O-O 9. O-O Nbd7 10. Bf4 Bb4 11. Rad1 Kh8 12. e5 Ng8 13. d4 Ne7 14. Nb1 Nf5 15. Qb3 Qb6 16. c3 Be7 17. Qxb6 axb6 18. a3 f6 19. exf6 Bxf6 20. Bd3 g6 21. Rfe1 Rae8 22. Re2 Rf7 23. Bxf5 gxf5 24. Rde1 Nf8 25. Nd2 Kg8 26. Nf3 c5 27. Re3 Rg7 28. g3 Kf7 29. Bc7 Nd7 30. Kf1 Rc8 31. Bd6 Rc6 32. Rxe6 b5 33. dxc5 Nxc5 34. Rxf6+ Kxf6 35. Be5+ Kf7 36. Bxg7 Kxg7 37. Re7+ Kg8 38. Nd4 Rf6 39. Ke2 b6 40. Nxb5 f4 41. Re5 fxg3 42. fxg3 Rg6 43. g4 Rh6 44. Rh5 Rxh5 45. gxh5 Kg7 46. Nc7 Kh6 47. Nxd5 Nd7 48. a4 Kxh5 49. Kf2 Kg5 50. b4 Kf5 51. Ke3 Ke5 52. c4 h5 53. h4 Kf5 54. a5 bxa5 55. bxa5 Nc5 56. Nc7 Kg4 57. a6 Nxa6 58. Nxa6 Kxh4 59. c5 Kg3 60. c6 h4 61. c7 1-0

[Event "Menchik Memorial Challengers"]
[Site "London"]
[Date "2024.08.30"]
[Round "2.5"]
[White "Varney, Zoe"]
[Black "Lach, Aleksandra"]
[Result "0-1"]
[WhiteElo "2067"]
[BlackElo "2278"]
[PlyCount "120"]
[EventDate "2024.08.30"]
[EventType "tourn"]
[EventRounds "9"]
[EventCountry "ENG"]
[SourceTitle "BritBase"]
[Source "John Saunders"]
[SourceDate "2024.09.04"]
[SourceVersion "1"]
[SourceVersionDate "2024.09.04"]
[SourceQuality "1"]

1. e4 c5 2. c3 e5 3. Nf3 Nc6 4. Bb5 a6 5. Bxc6 dxc6 6. O-O Bg4 7. h3 Bxf3 8. Qxf3 Qf6 9. Qe2 Ne7 10. a4 Ng6 11. g3 h5 12. d3 Qe6 13. Kg2 O-O-O 14. Na3 Qd7 15. Rd1 f5 16. Nc4 Kb8 17. Bg5 Re8 18. exf5 Qxf5 19. h4 Be7 20. Bxe7 Rxe7 21. Nd2 Nf8 22. Re1 g5 23. Qf3 Qg6 24. hxg5 Qxg5 25. Ne4 Qg7 26. Qf6 Ng6 27. Qxg7 Rxg7 28. Nxc5 h4 29. Rh1 Rhg8 30. Ne6 Rd7 31. Rad1 hxg3 32. fxg3 Nf4+ 33. Nxf4 exf4 34. Rh3 Re7 35. Kf3 fxg3 36. Rxg3 Rf8+ 37. Kg4 Rf2 38. b4 Ra2 39. a5 Rc2 40. Kf4 Rxc3 41. Rg8+ Kc7 42. Rg4 Rc2 43. Rdg1 Rf2+ 44. Kg5 Rg7+ 45. Kh6 Rd7 46. Rg7 Rh2+ 47. Kg6 Rxg7+ 48. Kxg7 Rh4 49. Kf6 Rxb4 50. Ke6 Rb5 51. Ra1 Rb3 52. d4 Re3+ 53. Kf5 Kd6 54. Rb1 Re7 55. Kf6 Rh7 56. Kg6 Rc7 57. Kf5 Kd5 58. Rb4 c5 59. dxc5 Rxc5 60. Rxb7 Kc6+ 0-1

[Event "Menchik Memorial Challengers"]
[Site "London"]
[Date "2024.08.31"]
[Round "3.1"]
[White "Mirzoeva, Elmira"]
[Black "Varney, Zoe"]
[Result "1-0"]
[WhiteElo "2260"]
[BlackElo "2067"]
[PlyCount "65"]
[EventDate "2024.08.30"]
[EventType "tourn"]
[EventRounds "9"]
[EventCountry "ENG"]
[SourceTitle "BritBase"]
[Source "John Saunders"]
[SourceDate "2024.09.04"]
[SourceVersion "1"]
[SourceVersionDate "2024.09.04"]
[SourceQuality "1"]

1. d4 d5 2. c4 e6 3. Nc3 Nf6 4. cxd5 exd5 5. Bg5 c6 6. e3 Be7 7. Qc2 h6 8. Bh4 O-O 9. Bd3 Re8 10. Nge2 Nbd7 11. O-O Nf8 12. Rad1 Bd6 13. Bg3 Bg4 14. f3 Bh5 15. Bf2 Bg6 16. e4 dxe4 17. fxe4 Ng4 18. e5 Bc7 19. Bxg6 Nxg6 20. Qb3 Qe7 21. Ne4 Bb6 22. Nd6 Rf8 23. Nc4 Bc7 24. Bg3 b5 25. Nd2 Bb6 26. Kh1 h5 27. h3 Nh6 28. Ne4 h4 29. Be1 a5 30. Bd2 a4 31. Qf3 c5 32. Qh5 Kh7 33. Nf6+ 1-0

[Event "Menchik Memorial Challengers"]
[Site "London"]
[Date "2024.08.31"]
[Round "3.2"]
[White "Lach, Aleksandra"]
[Black "Jarocka, Liwia"]
[Result "0-1"]
[WhiteElo "2278"]
[BlackElo "2242"]
[PlyCount "60"]
[EventDate "2024.08.30"]
[EventType "tourn"]
[EventRounds "9"]
[EventCountry "ENG"]
[SourceTitle "BritBase"]
[Source "John Saunders"]
[SourceDate "2024.09.04"]
[SourceVersion "1"]
[SourceVersionDate "2024.09.04"]
[SourceQuality "1"]

1. d4 d5 2. Nc3 Nf6 3. Bf4 e6 4. Nb5 Na6 5. e3 Be7 6. Nf3 O-O 7. h4 c6 8. Nc3 c5 9. h5 cxd4 10. exd4 Qb6 11. a3 Bd7 12. Ne5 Qxb2 13. Rh3 Rfc8 14. Ra2 Qb6 15. g4 Be8 16. g5 Ne4 17. Nxe4 dxe4 18. Bxa6 Qxa6 19. g6 Bb4+ 20. Bd2 Bxd2+ 21. Qxd2 fxg6 22. h6 Qb6 23. Rb3 Qc7 24. hxg7 Qxg7 25. Qf4 Ba4 26. Rb4 Bxc2 27. Ng4 Qc7 28. Qf6 Qc3+ 29. Kf1 Qh3+ 30. Ke1 Qxg4 0-1

[Event "Menchik Memorial Challengers"]
[Site "London"]
[Date "2024.08.31"]
[Round "3.3"]
[White "Navrotescu, Andreea"]
[Black "Van Foreest, Machteld"]
[Result "1-0"]
[WhiteElo "2281"]
[BlackElo "2224"]
[PlyCount "51"]
[EventDate "2024.08.30"]
[EventType "tourn"]
[EventRounds "9"]
[EventCountry "ENG"]
[SourceTitle "BritBase"]
[Source "John Saunders"]
[SourceDate "2024.09.04"]
[SourceVersion "1"]
[SourceVersionDate "2024.09.04"]
[SourceQuality "1"]

1. Nf3 d5 2. c4 e6 3. e3 Nf6 4. Nc3 Be7 5. b3 O-O 6. Bb2 c5 7. cxd5 exd5 8. d4 Qa5 9. Bd3 Bg4 10. dxc5 Ne4 11. Qc2 Bf6 12. Bxe4 dxe4 13. Nd2 Bf5 14. Rc1 Nc6 15. Ndxe4 Kh8 16. O-O Nb4 17. Qe2 Bxc3 18. Bxc3 Qxa2 19. Qc4 Bxe4 20. Bxb4 Bf5 21. c6 Be6 22. Qe4 Rfd8 23. cxb7 Rab8 24. Be7 Re8 25. Bd6 Bxb3 26. Bxb8 1-0

[Event "Menchik Memorial Challengers"]
[Site "London"]
[Date "2024.08.31"]
[Round "3.4"]
[White "Subramanian, Anusha"]
[Black "Antolak, Julia"]
[Result "1-0"]
[WhiteElo "2067"]
[BlackElo "2299"]
[PlyCount "119"]
[EventDate "2024.08.30"]
[EventType "tourn"]
[EventRounds "9"]
[EventCountry "ENG"]
[SourceTitle "BritBase"]
[Source "John Saunders"]
[SourceDate "2024.09.04"]
[SourceVersion "1"]
[SourceVersionDate "2024.09.04"]
[SourceQuality "1"]

1. Nf3 d5 2. c4 e6 3. e3 Nf6 4. Nc3 Bd6 5. d4 b6 6. Bd3 Bb7 7. O-O Nbd7 8. Qe2 Ne4 9. Nd2 f5 10. Nb5 Ndf6 11. Nxd6+ Qxd6 12. f3 Nxd2 13. Bxd2 O-O 14. Rac1 Qd7 15. c5 c6 16. b4 b5 17. Bc3 Rae8 18. a4 a6 19. Qc2 Qc7 20. f4 Qe7 21. Rf3 Ne4 22. Bxe4 fxe4 23. Rg3 Rf6 24. Qe2 Qf7 25. Be1 Bc8 26. Ra1 Qb7 27. axb5 Qxb5 28. Qxb5 axb5 29. Rg5 Rf7 30. Re5 Rc7 31. f5 Bd7 32. Bg3 Rb7 33. fxe6 Rxe6 34. Rxe6 Bxe6 35. Ra6 Bd7 36. Kf2 Kf7 37. Be5 Be8 38. Kg3 Re7 39. Kf4 Ke6 40. Kg4 Bd7 41. Ra8 Re8 42. Rxe8+ Bxe8 43. Bxg7 Kf7 44. Be5 Kg6 45. Kf4 h5 46. Bc7 Kf6 47. Bd8+ Ke6 48. Kg5 Kd7 49. Bf6 Ke6 50. Be5 Bf7 51. g4 hxg4 52. Kxg4 Be8 53. Kg5 Kf7 54. h4 Bd7 55. h5 Be8 56. h6 Kg8 57. Kf6 Kh7 58. Ke7 Bh5 59. Bg7 Bg4 60. Kd6 1-0

[Event "Menchik Memorial Challengers"]
[Site "London"]
[Date "2024.08.31"]
[Round "3.5"]
[White "Hryshchenko, Kamila"]
[Black "Rida, Ruqayyah"]
[Result "1-0"]
[WhiteElo "2163"]
[BlackElo "2115"]
[PlyCount "103"]
[EventDate "2024.08.30"]
[EventType "tourn"]
[EventRounds "9"]
[EventCountry "ENG"]
[SourceTitle "BritBase"]
[Source "John Saunders"]
[SourceDate "2024.09.04"]
[SourceVersion "1"]
[SourceVersionDate "2024.09.04"]
[SourceQuality "1"]

1. e4 e5 2. Nf3 Nc6 3. Bb5 a6 4. Ba4 Nf6 5. O-O b5 6. Bb3 Bc5 7. c3 d6 8. d3 h6 9. h3 O-O 10. Re1 Bb7 11. Nbd2 Bb6 12. a4 Ne7 13. Nf1 Ng6 14. a5 Ba7 15. Ng3 Re8 16. Be3 Bxe3 17. fxe3 d5 18. Rf1 Qd7 19. Qe2 dxe4 20. Nxe4 Bxe4 21. dxe4 Nxe4 22. Qc2 Nc5 23. Rad1 Qe7 24. Bd5 Rad8 25. b4 Ne6 26. Qf5 Rd6 27. Be4 Nef8 28. Rxd6 cxd6 29. h4 Qe6 30. Qxe6 Nxe6 31. Rd1 Rd8 32. Bb7 f6 33. Bxa6 Nc7 34. Bb7 Kf7 35. a6 Nf8 36. Nd2 Ke7 37. Ra1 Nfe6 38. c4 bxc4 39. Nxc4 Rb8 40. b5 Nc5 41. b6 N7xa6 42. Bxa6 d5 43. Nd2 Rxb6 44. Bc8 Kd6 45. h5 Rb2 46. Nf3 Re2 47. Nh4 d4 48. Bg4 Rc2 49. Nf5+ Kd5 50. exd4 exd4 51. Rd1 d3 52. Rxd3+ 1-0

[Event "Menchik Memorial Challengers"]
[Site "London"]
[Date "2024.08.31"]
[Round "4.1"]
[White "Lach, Aleksandra"]
[Black "Mirzoeva, Elmira"]
[Result "0-1"]
[WhiteElo "2278"]
[BlackElo "2282"]
[PlyCount "130"]
[EventDate "2024.08.30"]
[EventType "tourn"]
[EventRounds "9"]
[EventCountry "ENG"]
[SourceTitle "BritBase"]
[Source "John Saunders"]
[SourceDate "2024.09.04"]
[SourceVersion "1"]
[SourceVersionDate "2024.09.04"]
[SourceQuality "1"]

1. e4 c6 2. Nc3 d5 3. Nf3 Bg4 4. h3 Bxf3 5. Qxf3 e6 6. Be2 Nf6 7. O-O Be7 8. d4 dxe4 9. Qe3 O-O 10. Nxe4 Nbd7 11. c3 Qc7 12. Qg3 Qxg3 13. Nxg3 Rfd8 14. b4 a5 15. b5 c5 16. Bf3 cxd4 17. cxd4 Nd5 18. Bxd5 exd5 19. Bf4 Nf8 20. Nf5 Ba3 21. Rad1 Ne6 22. Be5 f6 23. Bg3 g6 24. Rfe1 Ng5 25. Ne3 Bb4 26. Rf1 Ne4 27. Rd3 Rac8 28. a3 Bf8 29. Kh2 a4 30. b6 Rc3 31. Rxc3 Nxc3 32. Nc2 Rc8 33. Bc7 Kf7 34. f4 Ke6 35. g4 Nb5 36. f5+ gxf5 37. gxf5+ Kf7 38. Rb1 Nxc7 39. bxc7 Rxc7 40. Ne3 Bxa3 41. Nxd5 Rd7 42. Nc3 Bd6+ 43. Kg2 a3 44. Nb5 Be7 45. Ra1 b6 46. Kf3 Rd5 47. Nxa3 Rxd4 48. Nc2 Rd3+ 49. Kg4 Rc3 50. Ne1 b5 51. Rb1 b4 52. Nf3 Bd6 53. Nd2 Rg3+ 54. Kh4 Rd3 55. Nb3 Rf3 56. Nc1 Rf4+ 57. Kg3 Rxf5+ 58. Kg2 Rg5+ 59. Kf2 Bc5+ 60. Ke2 Rg1 61. Kd2 Bd6 62. Ke3 b3 63. Rxb3 Rxc1 64. Kf3 Be5 65. h4 Rc3+ 0-1

[Event "Menchik Memorial Challengers"]
[Site "London"]
[Date "2024.08.31"]
[Round "4.2"]
[White "Antolak, Julia"]
[Black "Hryshchenko, Kamila"]
[Result "1-0"]
[WhiteElo "2307"]
[BlackElo "2181"]
[PlyCount "73"]
[EventDate "2024.08.30"]
[EventType "tourn"]
[EventRounds "9"]
[EventCountry "ENG"]
[SourceTitle "BritBase"]
[Source "John Saunders"]
[SourceDate "2024.09.04"]
[SourceVersion "1"]
[SourceVersionDate "2024.09.04"]
[SourceQuality "1"]

1. e4 b6 2. d4 Bb7 3. Bd3 Nf6 4. Qe2 e6 5. Nf3 Be7 6. h3 c5 7. c3 Nc6 8. Nbd2 cxd4 9. Nxd4 Ne5 10. Bc2 Qc7 11. O-O O-O 12. f4 Nc6 13. Nb5 Qb8 14. e5 Ne8 15. Nf3 f5 16. Be3 a6 17. Nbd4 g6 18. Rad1 Ng7 19. Qf2 Bd8 20. Nb3 Qc7 21. a4 Rc8 22. Kh2 Nh5 23. Rd6 g5 24. Rfd1 gxf4 25. Rxd7 Qb8 26. Bxb6 Nxe5 27. Nxe5 Bd5 28. R1xd5 exd5 29. Bd4 Nf6 30. Qxf4 Nxd7 31. Qg3+ Bg5 32. Qxg5+ Kh8 33. Qg3 Nf6 34. Nc5 Rce8 35. Ncd7 Qb7 36. Nxf6 Rxf6 37. Nd7 1-0

[Event "Menchik Memorial Challengers"]
[Site "London"]
[Date "2024.08.31"]
[Round "4.3"]
[White "Van Foreest, Machteld"]
[Black "Subramanian, Anusha"]
[Result "1-0"]
[WhiteElo "2243"]
[BlackElo "2033"]
[PlyCount "53"]
[EventDate "2024.08.30"]
[EventType "tourn"]
[EventRounds "9"]
[EventCountry "ENG"]
[SourceTitle "BritBase"]
[Source "John Saunders"]
[SourceDate "2024.09.04"]
[SourceVersion "1"]
[SourceVersionDate "2024.09.04"]
[SourceQuality "1"]

1. e4 e5 2. Nf3 Nc6 3. Nc3 Nf6 4. h3 h6 5. d4 exd4 6. Nxd4 Bb4 7. Nxc6 bxc6 8. Bd3 d5 9. exd5 cxd5 10. O-O O-O 11. Qf3 c5 12. Bf4 Be6 13. Be5 Bxc3 14. bxc3 Nd7 15. Bd6 Re8 16. Bb5 Rc8 17. Rab1 a6 18. Ba4 Qa5 19. Bxd7 Bxd7 20. Rb7 Be6 21. Re1 Kh8 22. Qg3 Qd8 23. h4 Rg8 24. Rxe6 fxe6 25. Be5 Qf8 26. Qg6 Qf5 27. Bxg7+ 1-0

[Event "Menchik Memorial Challengers"]
[Site "London"]
[Date "2024.08.31"]
[Round "4.4"]
[White "Varney, Zoe"]
[Black "Navrotescu, Andreea"]
[Result "0-1"]
[WhiteElo "2067"]
[BlackElo "2271"]
[PlyCount "132"]
[EventDate "2024.08.30"]
[EventType "tourn"]
[EventRounds "9"]
[EventCountry "ENG"]
[SourceTitle "BritBase"]
[Source "John Saunders"]
[SourceDate "2024.09.04"]
[SourceVersion "1"]
[SourceVersionDate "2024.09.04"]
[SourceQuality "1"]

1. e4 c5 2. Nf3 d6 3. c3 Nf6 4. h3 Nc6 5. Bd3 e5 6. Bc2 g6 7. O-O Bg7 8. d4 cxd4 9. cxd4 O-O 10. Nc3 exd4 11. Nxd4 d5 12. Nxc6 bxc6 13. exd5 Nxd5 14. Ne4 Nb4 15. Ba4 Ba6 16. Bg5 Qa5 17. Be7 Bxf1 18. Bxf8 Bxg2 19. Bxb4 Qxb4 20. Bxc6 Bxe4 21. Bxa8 Bxa8 22. Qd8+ Qf8 23. Rd1 Bf3 24. Rd3 Be4 25. Rd7 Qxd8 26. Rxd8+ Bf8 27. b4 Kg7 28. Rd7 a6 29. Rd4 Bc6 30. a3 Be7 31. Rc4 Bb5 32. Rc7 Kf6 33. Rb7 Bd8 34. Rb8 Ke7 35. Rb7+ Ke6 36. Kh2 Bc4 37. a4 Kd6 38. b5 axb5 39. axb5 Kc5 40. Kg3 Bb6 41. h4 h5 42. f4 Kxb5 43. Rb8 Be6 44. Rh8 Bc7 45. Rh7 Kc6 46. Kf3 Bd5+ 47. Ke3 Bb6+ 48. Kd2 Bd8 49. f5 Bxh4 50. fxg6 fxg6 51. Ke3 Bg5+ 52. Kf2 Kd6 53. Ra7 Be4 54. Kg3 Bf5 55. Ra6+ Ke5 56. Ra5+ Kf6 57. Ra6+ Be6 58. Rb6 Be3 59. Ra6 g5 60. Kf3 Bd2 61. Rb6 h4 62. Ra6 g4+ 63. Kf2 Kf5 64. Rd6 Bf4 65. Rd8 h3 66. Rf8+ Ke5 0-1